[Event "Online Olym Div2 B"]
[Site "Chess.com INT"]
[Date "2020.08.14"]
[Round "1.4"]
[White "Varekha, Anna"]
[Black "Cibickova, Zuzana"]
[Result "0-1"]
[WhiteElo "1707"]
[BlackElo "2256"]
[PlyCount "106"]
[EventDate "2020.08.14"]
[EventType "team-tourn (rapid)"]
[EventRounds "9"]
[EventCountry "USA"]
[SourceTitle "CBM 198"]
[Source "ChessBase"]
[SourceDate "2020.10.31"]
[SourceVersion "1"]
[SourceVersionDate "2020.10.31"]
[SourceQuality "1"]
[WhiteTeam "Moldova"]
[BlackTeam "Slovakia"]
[WhiteTeamCountry "MDA"]
[BlackTeamCountry "SVK"]

1. e4 e5 2. Nf3 Nc6 3. Bb5 a6 4. Ba4 Nf6 5. 0-0 Be7 6. Re1 b5 7. Bb3 d6 8. c3 0-0 9. h3 Nb8 10. d4 Nbd7 11. Nbd2 Bb7 12. Bc2 Re8 13. Nf1 Bf8 14. Ng3 g6 15. Bg5 h6 16. Bd2 c5 17. d5 c4 18. Be3 Nc5 19. Qd2 Kh7 20. Nh2 Bc8 21. a4 Bd7 22. axb5 axb5 23. h4 Qc7 24. h5 gxh5 25. Nf3 Nb3 26. Bxb3 cxb3 27. Nh4 Qc4 28. f3 Ra4 29. Nhf5 Bxf5 30. Nxf5 Ng8 31. Qf2 Rea8 32. Rab1 Qc8 33. Qh4 Qxf5 34. Qh2 Qg6 35. Kf2 Be7 36. Rh1 h4 37. Qh3 Qg3+ 38. Qxg3 hxg3+ 39. Kxg3 Kg6 40. Rh3 Bg5 41. Bxg5 hxg5 42. Rbh1 Ra2 43. Kg4 Rxb2 44. R1h2 Rc2 45. Rh1 Rxc3 46. Rb1 Nf6+ 47. Kg3 Nxe4+ 48. Kh2 Nd2 49. Rb2 Rc2 50. Rxb3 Nxb3 51. Rg3 Rc1 52. Kh3 Rh8+ 53. Kg4 f5# 0-1

[Event "MDA-ch (Women)"]
[Site "Kishinev"]
[Date "2020.01.31"]
[Round "3"]
[White "Varekha, Anna"]
[Black "Petrenko, Svetlana"]
[Result "1-0"]
[WhiteElo "1643"]
[BlackElo "2086"]
[PlyCount "109"]
[EventDate "2020.01.29"]
[EventType "tourn"]
[EventRounds "9"]
[EventCountry "MDA"]
[SourceTitle "CBM 195 Extra"]
[Source "ChessBase"]
[SourceDate "2020.05.31"]
[SourceVersion "1"]
[SourceVersionDate "2020.05.31"]
[SourceQuality "1"]

1. d4 d5 2. c4 e6 3. g3 dxc4 4. Bg2 c6 5. Nf3 b5 6. Ne5 Bb7 7. a4 a6 8. 0-0 Nf6 9. Nc3 Nd5 10. e4 Nxc3 11. bxc3 Be7 12. f4 0-0 13. Ra2 f6 14. Ng4 c5 15. d5 exd5 16. exd5 Bd6 17. Ne3 f5 18. Re1 g6 19. Rb2 Qd7 20. Rbe2 Bc8 21. Nf1 Ra7 22. Nd2 Qg7 23. Qc2 Re7 24. Rxe7 Bxe7 25. Nf3 Bf6 26. Re3 Bd7 27. Ba3 Rc8 28. Ne5 Qf8 29. Qd2 bxa4 30. Nxc4 Bb5 31. Ne5 Qd6 32. c4 Be8 33. Bb2 Bg7 34. Qe2 h6 35. g4 fxg4 36. Qxg4 Rd8 37. Be4 h5 38. Qg2 Qf6 39. Qf2 Nd7 40. Re2 Nxe5 41. Bxe5 Qf8 42. d6 Bxe5 43. fxe5 Qxf2+ 44. Kxf2 Bf7 45. Bd5 Bxd5 46. cxd5 Rb8 47. Rc2 a3 48. Rxc5 Kf8 49. e6 a2 50. Ra5 Rb6 51. d7 Ke7 52. Rxa2 Rd6 53. Ra5 g5 54. Rc5 h4 55. Rc8 1-0

[Event "Moscow Botvinnik Memorial U14 Girls"]
[Site "Moscow"]
[Date "2019.10.17"]
[Round "2"]
[White "Nur Mukhametova, Alisa"]
[Black "Varekha, Anna"]
[Result "1-0"]
[WhiteElo "2188"]
[BlackElo "1662"]
[PlyCount "41"]
[EventDate "2019.10.16"]
[EventType "tourn"]
[EventRounds "9"]
[EventCountry "RUS"]
[SourceTitle "CBM 192 Extra"]
[Source "Chessbase"]
[SourceDate "2019.11.06"]
[SourceVersion "1"]
[SourceVersionDate "2019.11.06"]
[SourceQuality "1"]

1. e4 e5 2. Nf3 Nc6 3. Bb5 Nf6 4. 0-0 Nxe4 5. d4 Nd6 6. dxe5 Nxb5 7. a4 Nd6 8. Bg5 f6 9. Re1 fxg5 10. exd6+ Be7 11. dxe7 Nxe7 12. Qe2 a5 13. Nc3 Ra6 14. Nxg5 Re6 15. Nxe6 dxe6 16. Rad1 Bd7 17. Ne4 0-0 18. Nc5 Nd5 19. Nxe6 Bxe6 20. Qxe6+ Kh8 21. Rxd5 1-0

[Event "EU-ch U14 Girls"]
[Site "Bratislava"]
[Date "2019.08.02"]
[Round "1"]
[White "Varekha, Anna"]
[Black "Reuter, Elisa"]
[Result "1/2-1/2"]
[WhiteElo "1577"]
[BlackElo "1930"]
[PlyCount "59"]
[EventDate "2019.08.02"]
[EventType "swiss"]
[EventRounds "9"]
[EventCountry "SVK"]
[SourceTitle "EXT 2020"]
[Source "ChessBase"]
[SourceDate "2019.10.17"]
[SourceVersion "1"]
[SourceVersionDate "2019.10.17"]
[SourceQuality "1"]

1. e4 c5 2. Nf3 Nc6 3. Bb5 g6 4. Bxc6 dxc6 5. h3 Bg7 6. 0-0 e5 7. d3 Ne7 8. Be3 b6 9. Nbd2 0-0 10. Nc4 Qc7 11. a4 a5 12. b4 axb4 13. a5 bxa5 14. Bxc5 f6 15. Bb6 Qb7 16. Bxa5 Be6 17. Nfd2 c5 18. c3 Ra7 19. cxb4 cxb4 20. Bb6 Rxa1 21. Qxa1 Ra8 22. Qb2 Nc6 23. Be3 Rd8 24. Qc2 Bf8 25. Nb3 Bf7 26. Ra1 Qd7 27. Rd1 Qb7 28. Ra1 Qd7 29. Rd1 Qb7 30. Ra1 1/2-1/2

[Event "MDA-ch (Women)"]
[Site "Kishinev"]
[Date "2019.02.04"]
[Round "6"]
[White "Verbin, Valentina"]
[Black "Varekha, Anna"]
[Result "0-1"]
[WhiteElo "2007"]
[BlackElo "1656"]
[PlyCount "138"]
[EventDate "2019.01.30"]
[EventType "tourn"]
[EventRounds "9"]
[EventCountry "MDA"]
[SourceTitle "CBM 188 Extra"]
[Source "ChessBase"]
[SourceDate "2019.02.26"]
[SourceVersion "1"]
[SourceVersionDate "2019.02.26"]
[SourceQuality "1"]

1. e4 e5 2. Nf3 Nc6 3. Bb5 Nf6 4. d3 Bc5 5. c3 0-0 6. 0-0 d6 7. a4 a5 8. Nbd2 h6 9. h3 Ne7 10. d4 exd4 11. cxd4 Ba7 12. Bd3 Ng6 13. Nc4 d5 14. exd5 Nxd5 15. Re1 Bb8 16. Qb3 c6 17. Nce5 Qf6 18. Bc4 Ngf4 19. Bxf4 Qxf4 20. Bxd5 cxd5 21. Qxd5 Bxe5 22. Qxe5 Qxe5 23. Rxe5 Rd8 24. Rd1 Bd7 25. b3 Kf8 26. d5 Ra6 27. Rc1 Rb6 28. Nd2 f6 29. Re4 Rd6 30. Rd4 Be8 31. Ne4 Rxd5 32. Rxd5 Rxd5 33. Rc5 Rxc5 34. Nxc5 Bc6 35. Ne6+ Kf7 36. Nd8+ Ke7 37. Nxc6+ bxc6 38. Kf1 Kd6 39. Ke2 Kc5 40. Kd3 Kb4 41. Kc2 c5 42. g3 c4 43. bxc4 Kxc4 44. f4 g5 45. Kd2 Kb3 46. Kd3 Kxa4 47. Kc4 Ka3 48. f5 h5 49. Kd5 Kb3 50. Ke6 a4 51. Kxf6 a3 52. Kxg5 a2 53. Kxh5 a1Q 54. Kg6 Qc3 55. g4 Qxh3 56. g5 Qd3 57. Kf6 Qd6+ 58. Kf7 Qe5 59. Kg6 Qe8+ 60. Kg7 Qe7+ 61. Kg6 Qf8 62. f6 Kc4 63. f7 Kd5 64. Kf6 Kd6 65. g6 Qh8+ 66. Kf5 Ke7 67. Kg5 Qg7 68. Kh5 Kf6 69. Kh4 Kxg6 0-1

[Event "MDA-ch (Women)"]
[Site "Kishinev"]
[Date "2019.02.02"]
[Round "4"]
[White "Petricenco, Ana"]
[Black "Varekha, Anna"]
[Result "0-1"]
[WhiteElo "1373"]
[BlackElo "1656"]
[PlyCount "70"]
[EventDate "2019.01.30"]
[EventType "tourn"]
[EventRounds "9"]
[EventCountry "MDA"]
[SourceTitle "CBM 188 Extra"]
[Source "ChessBase"]
[SourceDate "2019.02.26"]
[SourceVersion "1"]
[SourceVersionDate "2019.02.26"]
[SourceQuality "1"]

1. e4 c5 2. Nf3 Nc6 3. Bb5 e5 4. c3 Nge7 5. 0-0 g6 6. d3 Bg7 7. Ne1 0-0 8. f4 a6 9. Ba4 b5 10. Bc2 Bb7 11. f5 gxf5 12. exf5 Nd5 13. Qh5 Nf6 14. Qh3 d5 15. Nf3 d4 16. g4 Re8 17. g5 Nd7 18. f6 Bh8 19. Qg4 Nf8 20. h4 c4 21. h5 dxc3 22. dxc4 Nd4 23. Nxd4 exd4 24. g6 d3 25. gxh7+ Kxh7 26. Qf5+ Kg8 27. Qg5+ Ng6 28. hxg6 Qd4+ 29. Kh2 Re2+ 30. Kh3 Bg2+ 31. Kg3 Bxf1 32. gxf7+ Kxf7 33. Qh5+ Ke6 34. f7 Be5+ 35. Kf3 Rf2# 0-1

[Event "MDA-ch (Women)"]
[Site "Kishinev"]
[Date "2019.02.01"]
[Round "3"]
[White "Crigan, Galina"]
[Black "Varekha, Anna"]
[Result "1/2-1/2"]
[WhiteElo "1790"]
[BlackElo "1656"]
[PlyCount "57"]
[EventDate "2019.01.30"]
[EventType "tourn"]
[EventRounds "9"]
[EventCountry "MDA"]
[SourceTitle "CBM 188 Extra"]
[Source "ChessBase"]
[SourceDate "2019.02.26"]
[SourceVersion "1"]
[SourceVersionDate "2019.02.26"]
[SourceQuality "1"]

1. e4 e5 2. Nf3 Nc6 3. Bc4 Bc5 4. c3 Nf6 5. d4 exd4 6. cxd4 Bb4+ 7. Bd2 Bxd2+ 8. Nbxd2 d5 9. exd5 Nxd5 10. Qb3 Na5 11. Qa4+ c6 12. 0-0 Nxc4 13. Qxc4 Be6 14. Rfe1 0-0 15. a3 Qf6 16. Ne4 Qg6 17. Qf1 Nf4 18. Ne5 Qh6 19. Re3 f6 20. Nf3 Bd5 21. Rae1 Qg6 22. Nfd2 Rae8 23. Nxf6+ Qxf6 24. Rxe8 Nh3+ 25. Kh1 Nxf2+ 26. Kg1 Nh3+ 27. Kh1 Nf2+ 28. Kg1 Nh3+ 29. Kh1 1/2-1/2